000 01406nam a22003137a 4500
005 20080918163843.0
008 080918t xxu||||| |||| 00| 0 mar d
010 _aMAR-20846
020 _c100.00
035 _aMR-13504
037 _bDBAD / PUB
040 _aDPL
_bMAR
082 _a891.46301
100 _9747
_aअय्यर, सुप्रिया
245 _aसनान् रे ड ड बोंद्रया /
_cसुप्रिया अय्यर
246 _aSnan redd bondraya
_bby Supriya Aayar
260 _aनागपुर
_bसाहित्य प्रसार केंद्र
_c2009
270 _aसीताबर्डी
_bनागपुर
_e12
300 _a124पृ.
_c22सेमी (अजिल्द)
650 _9697
650 _9698
700 _927881
700 _927882
700 _927883
942 _2ddc
_cHN
_mअय्यर
_h891.46301
999 _c52458
_d52458